[Event "España ch 2010 sub-14"]
[Site "Linares ESP"]
[Date "2010.07.15"]
[Round "5.18"]
[White "Fernandez Gil, Ruben Carlos"]
[Black "Garcia Acosta, Roger"]
[Result "1/2-1/2"]
[WhiteElo "1721"]
[BlackElo "1857"]
[PlyCount "58"]
[EventDate "2010.07.13"]
[EventType "swiss"]
[EventRounds "9"]
[EventCountry "ESP"]
[Source "lmi"]
[SourceDate "2010.07.13"]

1. e4 e5 2. Nf3 Nc6 3. Bb5 a6 4. Ba4 Nf6 5. O-O Be7 6. Re1 b5 7. Bb3 d6 8. c3
O-O 9. h3 Na5 10. Bc2 c5 11. d4 Qc7 12. Nbd2 Nc6 13. d5 Nd8 14. Nf1 Ne8 15. Ng3
f6 16. Nh4 g6 17. Nf3 Nf7 18. Nh2 Ng7 19. h4 f5 20. exf5 gxf5 21. Nh5 Nh8 22.
Nxg7 Kxg7 23. Qh5 Rf6 24. Re3 Ng6 25. Rg3 f4 26. Rg5 Bd7 27. Ng4 Bxg4 28. Qxg4
Kh8 29. h5 Rff8 1/2-1/2

[Event "España ch 2010 sub-14"]
[Site "Linares ESP"]
[Date "2010.07.15"]
[Round "5.19"]
[White "Martin Prior, Francisco Jose"]
[Black "Pozanco Romasanta, Marc"]
[Result "1/2-1/2"]
[WhiteElo "1710"]
[BlackElo "1843"]
[PlyCount "97"]
[EventDate "2010.07.13"]
[EventType "swiss"]
[EventRounds "9"]
[EventCountry "ESP"]
[Source "lmi"]
[SourceDate "2010.07.13"]

1. d4 b6 2. e4 Bb7 3. Bd3 e6 4. Nf3 d6 5. c4 Nd7 6. Nc3 Be7 7. O-O c5 8. d5 e5
9. Ne1 Ngf6 10. f4 a5 11. Nf3 exf4 12. Bxf4 O-O 13. e5 dxe5 14. Nxe5 Nxe5 15.
Bxe5 Ne8 16. Qh5 g6 17. Qf3 Bd6 18. Rae1 Bxe5 19. Rxe5 f6 20. Re3 f5 21. Rfe1
Nd6 22. Qf4 Bc8 23. b3 Ra7 24. a4 Qf6 25. Nb5 Nxb5 26. cxb5 g5 27. Qc4 Qd6 28.
Re5 Raf7 29. Qc1 h6 30. Qe3 f4 31. Qe4 Bf5 32. Rxf5 Rxf5 33. Qe6+ Qxe6 34. dxe6
R5f6 35. e7 Re8 36. Bc4+ Kg7 37. Bd5 Rf7 38. Bxf7 Kxf7 39. Kf2 Rxe7 40. Rd1 Re6
41. Rd7+ Kf6 42. g4 fxg3+ 43. hxg3 g4 44. Rh7 Kg6 45. Rd7 h5 46. Rd5 Rf6+ 47.
Kg2 Kh6 48. Rd7 Kg6 49. Rd5 1/2-1/2

[Event "España ch 2010 sub-14"]
[Site "Linares ESP"]
[Date "2010.07.15"]
[Round "5.20"]
[White "Garcia Martinez, Marcos"]
[Black "Galvan Prieto, Albano"]
[Result "0-1"]
[WhiteElo "1708"]
[BlackElo "1807"]
[PlyCount "54"]
[EventDate "2010.07.13"]
[EventType "swiss"]
[EventRounds "9"]
[EventCountry "ESP"]
[Source "lmi"]
[SourceDate "2010.07.13"]

1. d4 e6 2. g3 d5 3. Nf3 c5 4. Bg2 Nc6 5. O-O Qb6 6. c3 Nf6 7. e3 Be7 8. Nbd2
O-O 9. Qc2 Bd7 10. dxc5 Bxc5 11. Nb3 Be7 12. Nfd2 Rac8 13. Qd3 Qc7 14. f4 a6
15. a4 Rcd8 16. Qe2 e5 17. e4 Bg4 18. Qf2 exf4 19. Qxf4 Qxf4 20. Rxf4 Be6 21.
exd5 Nxd5 22. Rf2 Ne3 23. Bxc6 bxc6 24. Nd4 Bc5 25. b4 Bxd4 26. cxd4 Rxd4 27.
Nf3 Rd1+ 0-1

[Event "España ch 2010 sub-14"]
[Site "Linares ESP"]
[Date "2010.07.15"]
[Round "5.21"]
[White "Lopez Caudevilla, David"]
[Black "Alvarez Serrano, Carlos"]
[Result "1/2-1/2"]
[WhiteElo "1635"]
[BlackElo "1790"]
[PlyCount "68"]
[EventDate "2010.07.13"]
[EventType "swiss"]
[EventRounds "9"]
[EventCountry "ESP"]
[Source "lmi"]
[SourceDate "2010.07.13"]

1. e4 e6 2. Nf3 d5 3. e5 c5 4. b4 cxb4 5. d4 Nc6 6. a3 bxa3 7. Bxa3 Bxa3 8.
Rxa3 Nge7 9. Bd3 h6 10. O-O O-O 11. c3 Bd7 12. Rb3 Qc7 13. Bc2 Na5 14. Rb2 Nc4
15. Ra2 Rfc8 16. Nfd2 Bb5 17. Re1 Nxd2 18. Qxd2 Bc4 19. Rb2 b5 20. Re3 a5 21.
Rg3 Kh8 22. Qf4 Ng8 23. Qg4 g6 24. h4 Qe7 25. h5 g5 26. f4 f5 27. exf6 Nxf6 28.
Qf3 Nh7 29. Qe3 Rg8 30. Bg6 Raf8 31. f5 Rf6 32. Qe5 Rg7 33. Re3 Nf8 34. g4 Nd7
1/2-1/2

[Event "España ch 2010 sub-14"]
[Site "Linares ESP"]
[Date "2010.07.15"]
[Round "5.22"]
[White "Prado Acebo, Ines"]
[Black "Antunez Muñoz, Juan Jesus"]
[Result "0-1"]
[WhiteElo "1552"]
[BlackElo "1748"]
[PlyCount "94"]
[EventDate "2010.07.13"]
[EventType "swiss"]
[EventRounds "9"]
[EventCountry "ESP"]
[Source "lmi"]
[SourceDate "2010.07.13"]

1. d4 Nf6 2. c4 g6 3. Nc3 Bg7 4. e4 d6 5. Nf3 Bg4 6. Be2 O-O 7. Qb3 Bxf3 8.
Bxf3 Nc6 9. Be3 Nd7 10. Rd1 e5 11. d5 Nd4 12. Bxd4 exd4 13. Nb5 Nc5 14. Qa3 Re8
15. O-O Nxe4 16. Nxd4 Qf6 17. Nb5 Qd8 18. Rfe1 Nf6 19. Qa5 a6 20. Nd4 Rxe1+ 21.
Qxe1 Nd7 22. Bg4 Ne5 23. Be2 Qh4 24. g3 Qe4 25. Qd2 Ng4 26. Bf1 Bh6 27. Qb4
Nxf2 28. Kxf2 Be3+ 29. Ke1 Bxd4+ 30. Kd2 Be3+ 31. Kc3 Qe5+ 32. Kb3 b6 33. a3 a5
34. Qc3 Re8 35. Qxe5 dxe5 36. Bg2 f5 37. Re1 Bc5 38. Kc2 e4 39. Kc3 a4 40. b4
axb3 41. Kxb3 Ra8 42. a4 Kf7 43. Re2 Kf6 44. g4 Ke5 45. h3 h5 46. gxh5 gxh5 47.
Bf3 h4 0-1

[Event "España ch 2010 sub-14"]
[Site "Linares ESP"]
[Date "2010.07.15"]
[Round "5.23"]
[White "Ligero Martinez, Jesus"]
[Black "Navarrete Espi, Samuel"]
[Result "0-1"]
[WhiteElo "1709"]
[BlackElo "2057"]
[PlyCount "39"]
[EventDate "2010.07.13"]
[EventType "swiss"]
[EventRounds "9"]
[EventCountry "ESP"]
[Source "lmi"]
[SourceDate "2010.07.13"]

1. e4 e5 2. Nf3 Nf6 3. Bc4 Bc5 4. c3 Nc6 5. b4 Bb6 6. d3 d6 7. a4 a5 8. b5 Ne7
9. Nbd2 Be6 10. O-O O-O 11. Ba2 Ng6 12. Nc4 Ba7 13. Rb1 Nh5 14. Qe2 Ngf4 15.
Bxf4 Nxf4 16. Rbd1 Bg4 17. Ne3 Bxf3 18. gxf3 Qg5+ 19. Kh1 Qh5 20. Ng4 0-1

[Event "España ch 2010 sub-14"]
[Site "Linares ESP"]
[Date "2010.07.15"]
[Round "5.24"]
[White "Martinez Hernandez, Paula"]
[Black "Arellano Pardo, Martin"]
[Result "1/2-1/2"]
[WhiteElo "1689"]
[BlackElo "1878"]
[PlyCount "91"]
[EventDate "2010.07.13"]
[EventType "swiss"]
[EventRounds "9"]
[EventCountry "ESP"]
[Source "lmi"]
[SourceDate "2010.07.13"]

1. e4 Nf6 2. Nc3 d5 3. exd5 Nxd5 4. Nxd5 Qxd5 5. d4 Nc6 6. c3 e5 7. Qf3 Qxf3 8.
Nxf3 exd4 9. Nxd4 Nxd4 10. cxd4 Bb4+ 11. Bd2 Bxd2+ 12. Kxd2 Be6 13. b3 O-O-O
14. Kc3 Rd6 15. Rd1 Rhd8 16. Be2 Bd5 17. f3 Be6 18. Rd2 Rc6+ 19. Kb2 Bf5 20.
Bc4 Bg6 21. Rhd1 a6 22. a4 Rcd6 23. Kc3 Re8 24. Re2 Rxe2 25. Bxe2 c6 26. Bd3
Bxd3 27. Rxd3 Re6 28. Rd2 Re3+ 29. Rd3 Re2 30. Rd2 Rxd2 31. Kxd2 a5 32. Kc3 Kc7
33. Kc4 Kd6 34. g3 h6 35. h3 g5 36. h4 gxh4 37. gxh4 h5 38. f4 f5 39. Kd3 Kd5
40. Ke3 b5 41. Kd3 Kd6 42. Ke3 Ke6 43. Kd2 Kd6 44. Ke3 bxa4 45. bxa4 c5 46. Kd3
1/2-1/2

[Event "España ch 2010 sub-14"]
[Site "Linares ESP"]
[Date "2010.07.15"]
[Round "5.25"]
[White "Ventura Bolet, Maxim"]
[Black "Perez Barreto, Adrian"]
[Result "1-0"]
[WhiteElo "1846"]
[BlackElo "1701"]
[PlyCount "65"]
[EventDate "2010.07.13"]
[EventType "swiss"]
[EventRounds "9"]
[EventCountry "ESP"]
[Source "lmi"]
[SourceDate "2010.07.13"]

1. c4 Nf6 2. g3 g6 3. Bg2 Bg7 4. Nc3 c5 5. a3 Nc6 6. Rb1 a5 7. Nf3 O-O 8. d4
cxd4 9. Nxd4 Qb6 10. Ndb5 Ng4 11. O-O Qc5 12. Qd5 Qb6 13. h3 Nf6 14. Qd1 Qd8
15. e4 Rb8 16. Be3 b6 17. f4 Bb7 18. Qe2 Nh5 19. Qf2 Ba6 20. e5 Bh8 21. Rbd1
Bxb5 22. cxb5 Na7 23. a4 Ng7 24. Nd5 Nc8 25. g4 Ne8 26. Qg3 Nc7 27. f5 Nxd5 28.
Bxd5 Qc7 29. fxg6 hxg6 30. Rxf7 Rxf7 31. Bxf7+ Kg7 32. Qf4 e6 33. Rf1 1-0

[Event "España ch 2010 sub-14"]
[Site "Linares ESP"]
[Date "2010.07.16"]
[Round "6.1"]
[White "Escudero Manzano, Alejandro"]
[Black "Santos Latasa, Jaime"]
[Result "0-1"]
[WhiteElo "2125"]
[BlackElo "2255"]
[PlyCount "84"]
[EventDate "2010.07.13"]
[EventType "swiss"]
[EventRounds "9"]
[EventCountry "ESP"]
[Source "lmi"]
[SourceDate "2010.07.13"]

1. e4 c6 2. d4 d5 3. exd5 cxd5 4. Bd3 Nc6 5. c3 Qc7 6. Ne2 Bg4 7. f3 Bd7 8. Bf4
e5 9. dxe5 Nxe5 10. Bxe5 Qxe5 11. O-O Bd6 12. f4 Qe3+ 13. Kh1 Nf6 14. Nd4 O-O
15. Qd2 Rae8 16. Be2 Qe7 17. Qd3 Ne4 18. Nd2 Qh4 19. Nxe4 dxe4 20. Qe3 a6 21.
Rad1 Qh6 22. Bc4 Kh8 23. Nb3 Bc8 24. Be2 f5 25. g3 Bc7 26. c4 Qf6 27. Rd2 Rd8
28. Rfd1 Rxd2 29. Rxd2 Rd8 30. Rxd8+ Qxd8 31. Qc5 h6 32. Kg2 Kh7 33. Qb4 Qf6
34. Nd2 Qd4 35. Qc3 Qxc3 36. bxc3 Ba5 37. Nb1 Kg6 38. h3 Kf6 39. Kf2 Ke6 40. g4
Kd6 41. gxf5 Bxf5 42. Nd2 Bxc3 0-1

[Event "España ch 2010 sub-14"]
[Site "Linares ESP"]
[Date "2010.07.16"]
[Round "6.2"]
[White "Suarez Garcia, Carlos"]
[Black "Moreno Ibañez, Miguel"]
[Result "1/2-1/2"]
[WhiteElo "2200"]
[BlackElo "1946"]
[PlyCount "110"]
[EventDate "2010.07.13"]
[EventType "swiss"]
[EventRounds "9"]
[EventCountry "ESP"]
[Source "lmi"]
[SourceDate "2010.07.13"]

1. e4 c5 2. Nf3 a6 3. Nc3 b5 4. d4 cxd4 5. Nxd4 Bb7 6. Bd3 e6 7. Nb3 Qc7 8. O-O
Nf6 9. Qe2 d6 10. f4 Nbd7 11. a3 Be7 12. Bd2 O-O 13. Rae1 Rfe8 14. g4 Nc5 15.
g5 Nfd7 16. Rf3 Bf8 17. Rh3 g6 18. Qf2 Nxd3 19. cxd3 Bg7 20. Rc1 Qd8 21. Be3
Rc8 22. Nd1 d5 23. e5 Rxc1 24. Bxc1 Bf8 25. d4 Qb6 26. Bd2 b4 27. axb4 Bxb4 28.
Bxb4 Qxb4 29. Nd2 Qa4 30. Rb3 Rc8 31. Nc3 Qc6 32. Ncb1 Qc1+ 33. Kg2 Qc7 34. Rc3
Qa5 35. Rxc8+ Bxc8 36. Nb3 Qb4 37. Qc2 Nb6 38. Qc3 Qxc3 39. Nxc3 Bd7 40. Nc5
Bb5 41. Nxb5 axb5 42. b3 Kf8 43. Kf2 Ke7 44. Ke2 Nc8 45. Kd2 Kd8 46. Kc3 Kc7
47. Kb4 Na7 48. Nd3 Kb6 49. Nf2 Nc6+ 50. Kc3 b4+ 51. Kd3 Na5 52. Kc2 Nc6 53.
Kd3 Na5 54. Kc2 Nc6 55. Kd3 Na5 1/2-1/2

[Event "España ch 2010 sub-14"]
[Site "Linares ESP"]
[Date "2010.07.16"]
[Round "6.3"]
[White "Martin Duque, Jesus"]
[Black "Gutierrez Valero, Mario"]
[Result "1-0"]
[WhiteElo "2073"]
[BlackElo "2071"]
[PlyCount "95"]
[EventDate "2010.07.13"]
[EventType "swiss"]
[EventRounds "9"]
[EventCountry "ESP"]
[Source "lmi"]
[SourceDate "2010.07.13"]

1. e4 c5 2. Nf3 Nc6 3. d4 cxd4 4. Nxd4 Nf6 5. Nc3 e5 6. Ndb5 d6 7. Bg5 a6 8.
Na3 b5 9. Bxf6 gxf6 10. Nd5 Bg7 11. Bd3 Ne7 12. Nxe7 Qxe7 13. O-O O-O 14. c4 f5
15. Qf3 d5 16. cxd5 fxe4 17. Bxe4 Rb8 18. Rfd1 f5 19. d6 Qf6 20. Bc6 Be6 21.
Bd5 e4 22. Qb3 Bxd5 23. Qxd5+ Kh8 24. Rd2 Rfd8 25. Rad1 Rb6 26. Qc5 Rbb8 27.
Qd5 Rb6 28. Qc5 Rbb8 29. d7 f4 30. Nc2 Rb7 31. Qd5 Rbxd7 32. Qxd7 Rxd7 33. Rxd7
h6 34. Nd4 Qg6 35. Rc1 Qg4 36. Rc8+ Kh7 37. Nf5 Qxf5 38. Rcc7 Qe5 39. Rxg7+
Qxg7 40. Rxg7+ Kxg7 41. Kf1 Kf6 42. Ke2 Ke5 43. g3 fxg3 44. fxg3 Kf5 45. h3 h5
46. Ke3 a5 47. g4+ hxg4 48. hxg4+ 1-0

[Event "España ch 2010 sub-14"]
[Site "Linares ESP"]
[Date "2010.07.16"]
[Round "6.4"]
[White "Valero Gutierrez, Alvaro"]
[Black "Acosta Sosa, Juan Manuel"]
[Result "1-0"]
[WhiteElo "1847"]
[BlackElo "2023"]
[PlyCount "61"]
[EventDate "2010.07.13"]
[EventType "swiss"]
[EventRounds "9"]
[EventCountry "ESP"]
[Source "lmi"]
[SourceDate "2010.07.13"]

1. e4 c5 2. Nf3 Nc6 3. Bb5 g6 4. Bxc6 dxc6 5. d3 Bg7 6. h3 Nf6 7. Nc3 b6 8. Be3
Qc7 9. Qd2 h5 10. Nh2 Ba6 11. O-O Rd8 12. Qe2 e6 13. Bg5 Rd7 14. Kh1 c4 15.
dxc4 Qe5 16. Nf3 Qc5 17. Rfd1 Bxc4 18. Qe3 Qxe3 19. Bxe3 Ba6 20. Ne5 Rc7 21.
Bf4 Rc8 22. Rd6 Bb7 23. Rad1 O-O 24. Nd7 Rfd8 25. Nxf6+ Bxf6 26. e5 Rxd6 27.
Rxd6 Bd8 28. Rd7 Bc7 29. Ne4 c5 30. Nf6+ Kg7 31. Rxc7 1-0

[Event "España ch 2010 sub-14"]
[Site "Linares ESP"]
[Date "2010.07.16"]
[Round "6.5"]
[White "Forsberg Conde, Martin"]
[Black "Segura Santos, Luis"]
[Result "1/2-1/2"]
[WhiteElo "2010"]
[BlackElo "1788"]
[PlyCount "95"]
[EventDate "2010.07.13"]
[EventType "swiss"]
[EventRounds "9"]
[EventCountry "ESP"]
[Source "lmi"]
[SourceDate "2010.07.13"]

1. e4 c5 2. Nf3 e6 3. d4 cxd4 4. Nxd4 Nf6 5. Nc3 Nc6 6. Ndb5 Bb4 7. a3 Bxc3+ 8.
Nxc3 d5 9. exd5 exd5 10. Bd3 O-O 11. O-O d4 12. Ne4 Bf5 13. Bg5 Bxe4 14. Bxe4
h6 15. Bxf6 Qxf6 16. Qf3 Qxf3 17. Bxf3 Ne5 18. Be4 Rad8 19. Rfd1 b6 20. b3 Rd7
21. Bf5 Rd6 22. f4 Rf6 23. Be4 Rxf4 24. Rxd4 Rf6 25. Rad1 g6 26. Ra4 a5 27.
Rad4 Re8 28. b4 axb4 29. axb4 Rc8 30. Rd8+ Rxd8 31. Rxd8+ Kg7 32. Re8 Nc6 33.
c3 Na7 34. Bf3 Nb5 35. Rc8 Rd6 36. Kf2 Rd3 37. c4 Nc3 38. c5 bxc5 39. bxc5 Na4
40. c6 Rc3 41. Rb8 Kf6 42. Bd1 Nc5 43. Bf3 Ne6 44. Ke2 h5 45. Kd2 Rc4 46. Kd3
Rc1 47. Ke4 Rxc6 48. Ke3 1/2-1/2

[Event "España ch 2010 sub-14"]
[Site "Linares ESP"]
[Date "2010.07.16"]
[Round "6.6"]
[White "Rubio Tent, Francisco"]
[Black "Shen, Yue"]
[Result "0-1"]
[WhiteElo "1954"]
[BlackElo "1849"]
[PlyCount "72"]
[EventDate "2010.07.13"]
[EventType "swiss"]
[EventRounds "9"]
[EventCountry "ESP"]
[Source "lmi"]
[SourceDate "2010.07.13"]

1. e4 c5 2. Nf3 d6 3. d4 cxd4 4. Nxd4 Nf6 5. Nc3 Nc6 6. Be2 g6 7. O-O Bg7 8.
Nb3 O-O 9. Re1 Bd7 10. Bf1 Rc8 11. Bg5 Re8 12. Nd5 Nxd5 13. exd5 Ne5 14. c3 b5
15. Qd2 a5 16. Nd4 Qb6 17. Nc2 Qb7 18. Kh1 Rc5 19. Ne3 h6 20. Bh4 g5 21. Bg3
Nc4 22. Bxc4 bxc4 23. Qe2 a4 24. a3 Bf8 25. Rad1 e5 26. dxe6 Rxe6 27. Qd2 Bc6
28. f4 gxf4 29. Bxf4 Rg6 30. Re2 Rb5 31. Nxc4 Rd5 32. Qe1 Rxd1 33. Qxd1 Bxg2+
34. Kg1 Bf3+ 35. Kf1 Bxe2+ 36. Kxe2 Qe4+ 0-1

[Event "España ch 2010 sub-14"]
[Site "Linares ESP"]
[Date "2010.07.16"]
[Round "6.7"]
[White "Herrera Gonzalez, Javier"]
[Black "Abal Cores, Lucas"]
[Result "1-0"]
[WhiteElo "1868"]
[BlackElo "1658"]
[PlyCount "119"]
[EventDate "2010.07.13"]
[EventType "swiss"]
[EventRounds "9"]
[EventCountry "ESP"]
[Source "lmi"]
[SourceDate "2010.07.13"]

1. d4 d5 2. Nf3 Nf6 3. g3 e6 4. Bg2 Be7 5. O-O O-O 6. c4 c5 7. cxd5 Nxd5 8. Nc3
Nc6 9. Nxd5 exd5 10. Bf4 Be6 11. Qd2 Qd7 12. Rac1 c4 13. Ne5 Nxe5 14. Bxe5 f6
15. Bf4 Bh3 16. Bxh3 Qxh3 17. e4 Qd7 18. Rfe1 Qb5 19. a3 Rfd8 20. exd5 Bf8 21.
Qe2 Re8 22. Qf3 Qxb2 23. d6 Qb5 24. a4 Qxa4 25. Qxb7 Rxe1+ 26. Rxe1 Rd8 27.
Qd5+ Kh8 28. Rc1 Rc8 29. d7 Rd8 30. Rxc4 Qxd7 31. Qxd7 Rxd7 32. Kg2 Kg8 33. Kf3
Kf7 34. Ke4 g6 35. g4 Be7 36. d5 f5+ 37. gxf5 gxf5+ 38. Kd4 Bf8 39. Ra4 Be7 40.
Ra5 Bd8 41. Rb5 Ke8 42. d6 Kf7 43. Kd5 Bb6 44. Kc6 Rd8 45. Rxf5+ Ke6 46. Re5+
Kf6 47. d7 h6 48. Re2 Kf5 49. Bc7 Rg8 50. Re8 Rg1 51. Bxb6 axb6 52. d8=Q Rc1+
53. Kb7 Rc5 54. Rf8+ Kg4 55. Qd4+ Kh3 56. Rf3+ Kg2 57. Rg3+ Kf1 58. Qd1+ Kxf2
59. Rf3+ Kg2 60. Qf1+ 1-0

[Event "España ch 2010 sub-14"]
[Site "Linares ESP"]
[Date "2010.07.16"]
[Round "6.9"]
[White "Ruiz Font, Elisabet"]
[Black "Galvan Prieto, Albano"]
[Result "1/2-1/2"]
[WhiteElo "1899"]
[BlackElo "1807"]
[PlyCount "77"]
[EventDate "2010.07.13"]
[EventType "swiss"]
[EventRounds "9"]
[EventCountry "ESP"]
[Source "lmi"]
[SourceDate "2010.07.13"]

1. e4 e6 2. d4 d5 3. Bd3 Nf6 4. e5 Nfd7 5. Nf3 c5 6. c3 Nc6 7. O-O Qb6 8. Bc2
Be7 9. dxc5 Bxc5 10. Qe2 a5 11. a4 Qc7 12. Bf4 b6 13. Bd3 Bb7 14. Nbd2 h6 15.
Nb3 Rc8 16. Nfd4 Nxd4 17. Nxd4 Bc6 18. Qg4 g5 19. Bg3 Bxd4 20. cxd4 Nf8 21. f4
Qe7 22. Rac1 Nh7 23. Rxc6 Rxc6 24. Bb5 Kd7 25. Rc1 Rhc8 26. Qe2 Qb4 27. Rxc6
Rxc6 28. Bxc6+ Kxc6 29. Qc2+ Qc4 30. Qxh7 gxf4 31. Bh4 Qxd4+ 32. Kf1 Qd1+ 33.
Kf2 Qd2+ 34. Kf3 Qe3+ 35. Kg4 Qxe5 36. Qxf7 Qe2+ 37. Kh3 Qd3+ 38. Kg4 Qe2+ 39.
Kh3 1/2-1/2

[Event "España ch 2010 sub-14"]
[Site "Linares ESP"]
[Date "2010.07.16"]
[Round "6.10"]
[White "Garcia Rodriguez, Sara"]
[Black "Serarols Mabras, Bernat"]
[Result "0-1"]
[WhiteElo "1867"]
[BlackElo "1827"]
[PlyCount "38"]
[EventDate "2010.07.13"]
[EventType "swiss"]
[EventRounds "9"]
[EventCountry "ESP"]
[Source "lmi"]
[SourceDate "2010.07.13"]

1. e4 Nf6 2. e5 Nd5 3. Nc3 Nxc3 4. bxc3 d6 5. f4 Bf5 6. d4 e6 7. Nf3 Be7 8. Bd3
Bxd3 9. Qxd3 O-O 10. O-O dxe5 11. fxe5 c5 12. Be3 Qc7 13. Nd2 Nc6 14. Qe4 Qa5
15. Nb1 Rad8 16. Qg4 Kh8 17. Rf3 cxd4 18. Bxd4 Nxd4 19. cxd4 Rxd4 0-1

[Event "España ch 2010 sub-14"]
[Site "Linares ESP"]
[Date "2010.07.16"]
[Round "6.11"]
[White "Antunez Muñoz, Juan Jesus"]
[Black "Cavalle Pulla, Daniel"]
[Result "1-0"]
[WhiteElo "1748"]
[BlackElo "1862"]
[PlyCount "58"]
[EventDate "2010.07.13"]
[EventType "swiss"]
[EventRounds "9"]
[EventCountry "ESP"]
[Source "lmi"]
[SourceDate "2010.07.13"]

1. e4 e6 2. d4 d5 3. Nc3 Bb4 4. exd5 exd5 5. Bd3 Nc6 6. a3 Bxc3+ 7. bxc3 Nf6 8.
Bg5 h6 9. Bd2 O-O 10. Ne2 Re8 11. O-O Bg4 12. f3 Be6 13. Qe1 Ne7 14. Ng3 Nf5
15. Qf2 Qd7 16. Rfe1 Nd6 17. Bf4 Qc6 18. Be5 Nd7 19. Nh5 Nxe5 20. Rxe5 Qxc3 21.
Rae1 Kf8 22. Qg3 Qxd4+ 23. Kh1 g5 24. Nf6 Red8 25. Nh7+ Ke7 26. Qh3 Kd7 27.
Nf6+ Kc6 28. Qxh6 Ne4 29. fxe4 Qc3 1-0

[Event "España ch 2010 sub-14"]
[Site "Linares ESP"]
[Date "2010.07.16"]
[Round "6.12"]
[White "Romero Calduch, Sergio"]
[Black "Montoliu Cervero, Francisco"]
[Result "1-0"]
[WhiteElo "1734"]
[BlackElo "2153"]
[PlyCount "75"]
[EventDate "2010.07.13"]
[EventType "swiss"]
[EventRounds "9"]
[EventCountry "ESP"]
[Source "lmi"]
[SourceDate "2010.07.13"]

1. d4 d5 2. c4 c6 3. Nf3 Nf6 4. e3 a6 5. Bd3 b5 6. b3 Bg4 7. Nbd2 Nbd7 8. Bb2
e6 9. O-O Bd6 10. Qc2 Bxf3 11. Nxf3 O-O 12. cxd5 cxd5 13. Rac1 Qb8 14. Rfd1 g6
15. g3 Nb6 16. Ne5 Rc8 17. Qb1 Qb7 18. Rxc8+ Rxc8 19. Rc1 Rb8 20. Be2 Ne4 21.
Nd3 Nc4 22. f3 Nf6 23. Nc5 Bxc5 24. dxc5 Nxb2 25. Qxb2 Ne8 26. b4 Qc6 27. Qd4
f6 28. f4 Kf7 29. g4 h6 30. h4 Nd6 31. g5 hxg5 32. hxg5 Ne8 33. Kg2 e5 34. fxe5
f5 35. Rh1 Ng7 36. e6+ Qxe6 37. Bf3 Qc8 38. Qf6+ 1-0

[Event "España ch 2010 sub-14"]
[Site "Linares ESP"]
[Date "2010.07.16"]
[Round "6.13"]
[White "Navarrete Espi, Samuel"]
[Black "Buiza Prieto, Eihartze"]
[Result "1/2-1/2"]
[WhiteElo "2057"]
[BlackElo "1766"]
[PlyCount "62"]
[EventDate "2010.07.13"]
[EventType "swiss"]
[EventRounds "9"]
[EventCountry "ESP"]
[Source "lmi"]
[SourceDate "2010.07.13"]

1. e4 c5 2. Nf3 d6 3. d4 cxd4 4. Nxd4 Nf6 5. Nc3 a6 6. Be3 e5 7. Nb3 Be7 8. f3
Be6 9. Qd2 O-O 10. O-O-O Nbd7 11. g4 b5 12. Rg1 b4 13. Ne2 a5 14. Kb1 Nb6 15.
Ng3 d5 16. g5 Nfd7 17. exd5 Nxd5 18. Ne4 Qc7 19. Nf6+ N7xf6 20. gxf6 Bxf6 21.
Nc5 Nxe3 22. Qxe3 Rac8 23. Bd3 Qxc5 24. Qh6 e4 25. Qxf6 g6 26. fxe4 Bc4 27. Qg5
Qc7 28. Qg3 Qxg3 29. Rxg3 Rfd8 30. Rf1 Be6 31. h4 Rc5 1/2-1/2

[Event "España ch 2010 sub-14"]
[Site "Linares ESP"]
[Date "2010.07.16"]
[Round "6.14"]
[White "Ballester Llagaria, Luis Eduardo"]
[Black "Capote Robayna, Johanna"]
[Result "1-0"]
[WhiteElo "2056"]
[BlackElo "1759"]
[PlyCount "53"]
[EventDate "2010.07.13"]
[EventType "swiss"]
[EventRounds "9"]
[EventCountry "ESP"]
[Source "lmi"]
[SourceDate "2010.07.13"]

1. e4 c5 2. Nf3 Nc6 3. d4 cxd4 4. Nxd4 g6 5. Nc3 Bg7 6. Be3 Nf6 7. Bc4 d6 8.
Bb3 O-O 9. f3 Bd7 10. Qd2 a6 11. O-O-O b5 12. h4 Na5 13. h5 Nxb3+ 14. Nxb3 b4
15. Nd5 Nxd5 16. exd5 Rc8 17. g4 Ba4 18. Kb1 Bxb3 19. cxb3 Re8 20. hxg6 fxg6
21. Qh2 Kf7 22. Qf4+ Kg8 23. Qe4 Qd7 24. Rh2 Rf8 25. Rdh1 Rf6 26. Bg5 Rf7 27.
Rxh7 1-0

[Event "España ch 2010 sub-14"]
[Site "Linares ESP"]
[Date "2010.07.16"]
[Round "6.15"]
[White "Nieves Cabanes, Javier"]
[Black "Capote Robayna, Nathaniel"]
[Result "0-1"]
[WhiteElo "1754"]
[BlackElo "1970"]
[PlyCount "98"]
[EventDate "2010.07.13"]
[EventType "swiss"]
[EventRounds "9"]
[EventCountry "ESP"]
[Source "lmi"]
[SourceDate "2010.07.13"]

1. d4 Nf6 2. Nf3 d5 3. Bg5 Bf5 4. e3 c5 5. Bb5+ Bd7 6. Bd3 c4 7. Be2 Ne4 8. Bf4
Bf5 9. O-O e6 10. c3 Nc6 11. Nbd2 Bd6 12. Nxe4 Bxe4 13. Bxd6 Qxd6 14. Nd2 Bg6
15. e4 O-O 16. e5 Qe7 17. f4 f6 18. Bh5 Bf5 19. Bg4 Bxg4 20. Qxg4 f5 21. Qf3 b5
22. Rfb1 Qd7 23. b4 a5 24. a3 Ra6 25. Qd1 Rfa8 26. a4 axb4 27. axb5 Rxa1 28.
Rxa1 Rxa1 29. Qxa1 Nb8 30. b6 bxc3 31. Qxc3 Qb5 32. h3 Qxb6 33. Qa3 Qxd4+ 34.
Kf1 Qxf4+ 35. Nf3 Nd7 36. Qe7 Nf8 37. Qc7 Qc1+ 38. Kf2 c3 39. Nd4 Qd2+ 40. Ne2
c2 41. Kf3 d4 42. Nxd4 Qxd4 43. Qxc2 Qe4+ 44. Qxe4 fxe4+ 45. Kxe4 Kf7 46. h4
Ng6 47. h5 Ne7 48. g4 g6 49. h6 g5 0-1

[Event "España ch 2010 sub-14"]
[Site "Linares ESP"]
[Date "2010.07.16"]
[Round "6.16"]
[White "Garrido Piriz, Pablo"]
[Black "Jimenez Almeida, Luis David"]
[Result "0-1"]
[WhiteElo "1760"]
[BlackElo "1936"]
[PlyCount "46"]
[EventDate "2010.07.13"]
[EventType "swiss"]
[EventRounds "9"]
[EventCountry "ESP"]
[Source "lmi"]
[SourceDate "2010.07.13"]

1. e4 c5 2. Ne2 a6 3. g3 b5 4. Bg2 Bb7 5. O-O d6 6. c3 g6 7. d4 Nd7 8. Be3 Qc7
9. h3 Bg7 10. Nd2 e5 11. a4 Ne7 12. f4 f5 13. fxe5 dxe5 14. Bg5 Bf6 15. Bxf6
Nxf6 16. exf5 Bxg2 17. Kxg2 Nxf5 18. Rxf5 gxf5 19. dxe5 Qxe5 20. Nf4 Rd8 21.
axb5 axb5 22. Ra6 O-O 23. Ne6 Ne4 0-1

[Event "España ch 2010 sub-14"]
[Site "Linares ESP"]
[Date "2010.07.16"]
[Round "6.17"]
[White "Garcia De Lomas Guerrero, Carlos"]
[Black "Rodriguez Garcia, Carlos"]
[Result "1-0"]
[WhiteElo "1915"]
[BlackElo "1752"]
[PlyCount "146"]
[EventDate "2010.07.13"]
[EventType "swiss"]
[EventRounds "9"]
[EventCountry "ESP"]
[Source "lmi"]
[SourceDate "2010.07.13"]

1. e4 e6 2. Nc3 d5 3. Nf3 Nf6 4. e5 Nfd7 5. d4 c5 6. dxc5 Nc6 7. Bf4 Nxc5 8.
Bb5 Be7 9. O-O O-O 10. Bd3 Qb6 11. Ng5 Nxd3 12. Qxd3 Bxg5 13. Bxg5 Nxe5 14. Qg3
Ng6 15. h4 f6 16. Bc1 Ne7 17. Qd3 Bd7 18. Be3 Qc7 19. g3 Be8 20. Bf4 e5 21. Bc1
d4 22. Ne4 Bg6 23. f3 Rac8 24. Rf2 Kh8 25. Rh2 Qc6 26. h5 Bxe4 27. fxe4 h6 28.
g4 Qc4 29. Qf3 Rfd8 30. Bxh6 Qa6 31. Bc1 d3 32. c3 Qb6+ 33. Be3 Qe6 34. Rf1 Rc6
35. a3 a5 36. Bd2 Ng8 37. Rhf2 Rb6 38. Be3 Rbd6 39. Rd2 Kh7 40. Kg2 Nh6 41.
Bxh6 gxh6 42. Kh3 Kg7 43. Re1 Qd7 44. Kg2 Kh7 45. Kf2 Kg7 46. Rg1 Kh7 47. Ke3
Qg7 48. Qf5+ Kh8 49. Rgd1 Rg8 50. Rxd3 Rxd3+ 51. Rxd3 Qxg4 52. Qxf6+ Qg7 53.
Qxg7+ Rxg7 54. Rd6 Kh7 55. Rf6 Rg3+ 56. Kf2 Rh3 57. Rf7+ Kg8 58. Rxb7 Rxh5 59.
c4 Rh4 60. c5 Rh2+ 61. Kg3 Rc2 62. Rc7 Rxb2 63. c6 Rc2 64. Kg4 Kf8 65. Kf5 Ke8
66. Ke6 Kd8 67. Rd7+ Ke8 68. Kd6 h5 69. c7 Rd2+ 70. Ke6 Rxd7 71. c8=Q+ Rd8 72.
Qc6+ Kf8 73. Qc7 Re8+ 1-0